| 000 | 00775nam a2200217Ia 4500 | ||
|---|---|---|---|
| 003 | GCL | ||
| 008 | 140319s9999 xx 000 0 ara d | ||
| 040 |
_aGCL / _cGCL |
||
| 082 | 0 | 4 |
_a345.04 _bح ق |
| 100 | 1 | _aحسن صادق المرصفاوى | |
| 245 | 1 | 0 |
_aقواعد المسئولية الجنائية فى التشريعات العربية / _cحسن صادق المرصفاوى |
| 700 | 1 | _aمعهد البحوث والدراسات العربية | |
| 260 |
_a[S.N] : _bالمنظمة العربية للتربية والثقافة والعلوم ، _c1972 |
||
| 300 | _a230 ص | ||
| 490 | _a | ||
| 650 | 0 | 4 | _aالقانون الجنائى |
| 650 | 0 | 4 | _aالقانون |
| 650 | 0 | 4 | _aالاسلام |
| 650 | 0 | 4 | _aقانون العقوبات |
| 942 |
_2ddc _cBK |
||
| 999 |
_c29042 _d29042 |
||